Potreba živín a výživná hodnota krmív pre kožušinové zvieratá = The nutrient requirements and nutrient value of feeds for fur animals /
Uložené v:
| Hlavní autori: | , |
|---|---|
| Médium: | Kniha |
| Jazyk: | Slovak |
| Vydané: |
Nitra :
Výskumný ústav živočíšnej výroby,
2003.
|
| Vydanie: | 2. preprac. vyd. |
| Témy: | |
| ISBN: |
8088872308 (brož.) |
| Fyzický popis: |
83 s. : tab. ; 30 cm. |
| Tagy: |
Pridať tag
Žiadne tagy, Buďte prvý kto otaguje tento záznam!
|
Titul je dostupný aj v ... 

MARC
| LEADER | 00000nam a2200000 a 4500 | ||
|---|---|---|---|
| 001 | 000000565 | ||
| 003 | SVKK | ||
| 005 | 20111017070523.0 | ||
| 008 | 040303s2003 xo e ba 000 0 sloo | ||
| 020 | |a 8088872308 (brož.) |z 8088872316 | ||
| 040 | |a SVKKK |b slo |c SVKKK |e AACR2 | ||
| 041 | 0 | |a slo |b slo |b eng | |
| 044 | |a xo |c SK | ||
| 072 | 7 | |a 636 |x Chov zvierat. Živočíšna výroba |2 konspekt | |
| 080 | |a 636.92/.93 |2 1997 | ||
| 080 | |a 636.084.4 |2 1997 | ||
| 080 | |a 636.084 |2 1997 | ||
| 080 | |a (035) |2 1997 | ||
| 100 | 1 | |a Mertin, Dušan |4 aut | |
| 245 | 1 | 0 | |a Potreba živín a výživná hodnota krmív pre kožušinové zvieratá = |b The nutrient requirements and nutrient value of feeds for fur animals / |c D. Mertin, K. Süvegová. |
| 250 | |a 2. preprac. vyd. | ||
| 260 | |a Nitra : |b Výskumný ústav živočíšnej výroby, |c 2003. | ||
| 300 | |a 83 s. : |b tab. ; |c 30 cm. | ||
| 366 | |e 100 výtl. | ||
| 500 | |a Súbež. názov angl. | ||
| 504 | |a Bibliogr. s. 79-82. Resumé angl., slov. | ||
| 650 | 0 | 7 | |a kožušinové zvieratá |2 SVKKKPH |
| 650 | 0 | 7 | |a výživa hospodárskych zvierat |2 SVKKKPH |
| 650 | 0 | 7 | |a kŕmenie hospodárskych zvierat |2 SVKKKPH |
| 655 | 7 | |a príručky |2 SVKKKPH | |
| 700 | 1 | |a Süvegová, Karin |4 aut | |
| 919 | |a 80-88872-30-8 | ||
| 998 | |a BK | ||
| 090 | |g SCKHL |k Sklad Hlavná 10 prízemie |a V.210996 |j 959993 |i 2720021055 |s Absenčne | ||